00772nam a2200253 a 4500001001000000003000400010005001700014008003700031020001500068040002500083082002000108100001900128245008900147260004100236300002100277490001600298490002500314500005700339650002400396650002700420700003400447830001600481830002100497000009284OSt20240412074210.0090929s2000 dr 000 0 spa d a9993423106 aDO-SdBNPbspacBNPHU 4aRD861.44bM181L1 aMadera, Osiris10aLaberintos mágicos /cOsiris Madera ; presentación George Manuel Hazoury Peña. aSanto Domingo :bBANRESERVAS,c2000. a276 p. :c23 cm.1 aBanreservas1 aLiteratura ;vv. 8 ; aIncluye datos biográficos del autor en las solapas 4aPoesía dominicana 0aLiteratura dominicana.1 aHazoury Peña, George Manuel 0aBanreservas 0aLiteraturavv. 8